000 01694namaa22003851i 4500
003 EG-GICUC
005 20260521112311.0
008 260521s2005 ua ||||jr|||| 00| 0 ara d
017 _a2006 / 1738
_bدار الكتب والوثائق القومية(مصر)
040 _aEG-GiCUC
_bara
_cEG-GiCUC
_dEG-GiCUC
_erda
041 _aara
_hfre
043 _af-ua---
082 0 4 _221
_a610.962
_bC534
092 0 4 _221
_a610.962
_bC534
099 _a610.962 C534
100 1 _aشيفولو، سيلفيا
_eمؤلف.
240 1 _a Médecines et médecins en Egypte : $b construction d'une identité professionnelle et projet médical
_lArabic
245 1 2 _aالطب والأطباء فى مصر :
_bبناء الهوية المهنية والمشروع الطبى /
_cتأليف سيلفيا شيفولو ؛ ترجمة ماجدة أباظة ؛ تحرير طارق يوسف
250 _aالطبعة الاولى
264 _aالقاهرة (مصر) :
_bالمجلس الاعلى للثقافة،
_c2005
300 _a؛ 405 صفحة
_c24 سم
_bإيضاحيات، صور، مثيليات ؛ Illustrations
336 _2rdacontent
_atext
337 _2rdamedia
_aUnmediated
338 _2rdacarrier
_avolume
490 _aالمشروع القومى للترجمة ؛
_v955
504 _a405 ببليوجرافيا: صفحات.
541 _aوزارة الثقافة ؛
_bالقاهرة ؛
_cإهداء ؛
_d2023.
650 1 7 _aالطب
_xتاريخ
_zمصر
_2qrmak
650 1 7 _aالاطباء المصريون
_2qrmak
651 1 _2qrmak
700 1 _aأباظة، ماجدة
_eمترجم.
700 1 _aيوسف، طارق
_eمحرر.
905 _aHuda
942 _2ddc
_cBK
_e21
_n0
999 _c180249
_d180249